Victoria advocate

Bibliographic Details
Previous Title:Daily advocate (Victoria, Tex. : 1897)
Format: Electronic Newspaper
Language:English
Published: Victoria, Tex. : Geo. H. French
Subjects:
Online Access:Full text available from Research Library: 12/20/1991 to 07/27/1997

MARC

LEADER 00000nas a2200000 a 4500
001 ssj0024423
003 WaSeSS
005 20200512172242.0
006 m d
007 cr n
008 860606c19uu9999txudr nes 0 0eng d
010 |a sn 86064246  
035 |a (WaSeSS)ssj0024423 
040 |a KSH  |b eng  |c KSH  |d NPT  |d PPM  |d OCL  |d UV0  |d OCLCQ  |d OCLCF  |d OCLCO  |d FUG  |d WaSeSS 
042 |a msc 
043 |a n-us-tx 
130 0 |a Victoria advocate (Victoria, Tex. : Daily) 
245 1 0 |a Victoria advocate  |h [electronic resource]. 
260 |a Victoria, Tex. :  |b Geo. H. French 
310 |a Daily (except Sat.) 
362 1 |a Began in 1897 as Daily advocate.  |z Cf. Ayer, 1925. 
506 |a License restrictions may limit access. 
580 |a Issued also in weekly ed. called: Victoria advocate (Victoria, Tex. : Weekly). 
588 |a Description based on: Vol. 30, no. 309 (July 1, 1928). 
651 0 |a Victoria County (Tex.)  |v Newspapers. 
651 0 |a Victoria (Tex.)  |v Newspapers. 
651 7 |a Texas  |z Victoria.  |2 fast  |0 (OCoLC)fst01212233 
651 7 |a Texas  |z Victoria County.  |2 fast  |0 (OCoLC)fst01214244 
655 0 |a Electronic journals. 
752 |a United States  |b Texas  |c Victoria  |d Victoria. 
775 1 |t Victoria advocate (Victoria, Tex. : Weekly)  |w (OCoLC)10282823 
780 0 0 |t Daily advocate (Victoria, Tex. : 1897)  |w (OCoLC)14072877 
856 4 0 |z Full text available from Research Library: 12/20/1991 to 07/27/1997  |u https://search.proquest.com/publication/47071